An introduction to automata theory & formal languages / (رقم التسجيلة. 31079)
[ عرض عادي ]
| 000 -الفاتح | |
|---|---|
| حقل البيانات ثابتة الطول | 00718nam a2200229 a 4500 |
| 001 - رقم الضبط | |
| رقم الضبط | ASIN8189757148 |
| 003 - محدد رقم الضبط | |
| رقم الضبط | OSt |
| 005 - وقت وتاريخ اخر تعامل مع التسجيلة | |
| رقم الضبط | 20150408114142.0 |
| 008 - عناصر البيانات ثابتة الطول - معلومات عامة | |
| حقل البيانات ثابتة الطول | 131001s2007 xxu eng d |
| 020 ## - الرقم الدولى المعيارى للكتب | |
| الرقم الدولى المعيارى للكتاب | 8189757148 (paperback) |
| شروط الاتاحة | $23.58 |
| 020 ## - الرقم الدولى المعيارى للكتب | |
| الرقم الدولى المعيارى للكتاب | 9788189757144 (paperback) |
| 040 ## - مصدر الفهرسة | |
| وكالة الفهرسة الأصلية | Ma-Un |
| 082 ## - رقم تصنيف ديوى العشرى | |
| رقم الطبعة | 22 |
| رقم التصنيف | 511.35 |
| 100 1# - المدخل الرئيسى - إسم شخصى | |
| الإسم الشخصى | Pandey, Adesh K. |
| 9 (RLIN) | 37473 |
| 245 13 - بيان العنوان | |
| العنوان | An introduction to automata theory & formal languages / |
| بيان المسئوليه,etc | Adesh K. Pandey. |
| 260 ## - PUBLICATION, DISTRIBUTION, ETC. (IMPRINT) | |
| مكان الناشر او الموزع | New Delhi : |
| اسم الناشر او الموزع | S.K Kataria & Sons (Distributed by: Heritage Impex Worldwide), |
| تاريخ النشر أو التوزيع | 2007. |
| 300 ## - الوصف المادى | |
| التعداد | 350 p. ; |
| أبعاد الوعاء | 24 cm. |
| 650 ## - المدخل الاضافى بالموضوع-مصطلح موضوعى | |
| مصطلح موضوعي أو اسم جغرافي كعنصر مدخل | Machine theory |
| 650 ## - المدخل الاضافى بالموضوع-مصطلح موضوعى | |
| مصطلح موضوعي أو اسم جغرافي كعنصر مدخل | Formal languages |
| 9 (RLIN) | 8890 |
| 650 ## - المدخل الاضافى بالموضوع-مصطلح موضوعى | |
| مصطلح موضوعي أو اسم جغرافي كعنصر مدخل | Computational complexity |
| 942 ## - عناصر المدخل الإضافي( كوها) | |
| مصدر التصنيف او مخطط الترفيف | Dewey Decimal Classification |
| Koha [default] item type | كتاب |
| حالة الفقد | نموذج السعر الفعال | حالة تلف | ليس للاعارة | رقم الطلب | رقم النسخة | تاريخ الاكتساب | الموقع الحالي | الباركود | الفرع الرئيسي | Date last seen | نوع المادة فى نظام كوها | مصدر التصنيف او خطة الترفيف | Total Checkouts | Date last checked out |
|---|---|---|---|---|---|---|---|---|---|---|---|---|---|---|
| 2013-10-05 | 511.35 PAI | n1 | 2013-10-05 | المكتبة المركزية بالمجمعة (CL) | 00451496 | المكتبة المركزية بالمجمعة (CL) | 2013-10-05 | كتاب | Dewey Decimal Classification | |||||
| 2013-10-05 | 511.35 PAI | n2 | 2013-10-05 | المكتبة المركزية بالمجمعة (CL) | 00451494 | المكتبة المركزية بالمجمعة (CL) | 2013-10-05 | كتاب | Dewey Decimal Classification | |||||
| 2013-10-05 | Not For Loan | 511.35 PAI | n3 | 2013-10-05 | المكتبة المركزية بالمجمعة (CL) | 00451492 | المكتبة المركزية بالمجمعة (CL) | 2015-11-22 | كتاب | Dewey Decimal Classification | 1 | 2015-03-23 | ||
| 2013-10-05 | 511.35 PAI | n1 | 2013-10-05 | مكتبة مجمع الكليات بالزلفى - طلاب (SZM) | 00451495 | مكتبة مجمع الكليات بالزلفى - طلاب (SZM) | 2013-10-05 | كتاب | Dewey Decimal Classification | |||||
| 2013-10-05 | 511.35 PAI | n2 | 2013-10-05 | مكتبة مجمع الكليات بالزلفى - طلاب (SZM) | 00451493 | مكتبة مجمع الكليات بالزلفى - طلاب (SZM) | 2013-10-05 | كتاب | Dewey Decimal Classification | |||||
| 2013-10-05 | Not For Loan | 511.35 PAI | n3 | 2013-10-05 | مكتبة مجمع الكليات بالزلفى - طلاب (SZM) | 00451491 | مكتبة مجمع الكليات بالزلفى - طلاب (SZM) | 2013-10-05 | كتاب | Dewey Decimal Classification |
